000 00887nam a22002777a 4500
003 DO-SdBNP
005 20240530073925.0
007 ta
008 210809e2006 dr ||||er|||| 00| hdspa d
020 _a9993423998
040 _aDO-SdBNP
_bspa
_cBNPHU
041 _hspa
082 4 _aRD863.44
_bP349a, 2006
100 1 _aPeña Jiménez, Luis,
_d1964-
_96898
245 1 0 _aAlmas inocentes :
_bla novela /
_cLuis Peña Jiménez ; prólogo Freddy Antonio Herrera.
250 _a3a. ed.
260 _a[Santo Domingo] :
_bAmigo del Hogar,
_c2006
300 _a150 p.;
_b22 cm
500 _aIncluye datos biográficos del autor en las solapas.
590 _aInventariado, 2021 / MF
650 0 _aNovela dominicana
_9223
650 4 _aLiteratura dominicana.
_979429
700 1 _aHerrera, Freddy Antonio,
_epról.
_929506
910 _aValidado. Control de calidad MFF
942 _2ddc
_cLBS1
999 _c50196
_d50196